00242nam a2200097Ia 4500008004100000100002600041245003100067260002200098942000700120999001700127190216s9999||||xx |||||||||||||| ||und|| aGopalakrishna Pilla S 0aSangikam Danashashthrathil bKerala Basha Inst cBK c39572d39572